[Event "AUTO-BEG-192"]
[Site "http://www.queenalice.com/game.php?id=366285"]
[Date "2008.3.6"]
[Round "1"]
[White "korobolita"]
[Black "Persist"]
[Result "0-1"]
[WhiteElo "1413"]
[BlackElo "1893"]

1. e4 d6 2. Nc3 g6 3. d4 Bg7 4. Bb5+ c6 5. Bc4 Nf6 6. Nf3 O-O 7. O-O Nxe4 8.
Nxe4 d5 9. Qe2 Bg4 10. Bf4 Bxf3 11. Qxf3 dxc4 12. Qc3 b5 13. Rad1 Qb6 14. Ng5 h6
15. Bxb8 Raxb8 16. Nf3 Rbd8 17. Qe3 e6 18. c3 Rd5 19. b3 cxb3 20. axb3 a5 21. c4
Rdd8 22. c5 Qc7 23. Ne5 Rd5 24. Rde1 Bxe5 25. dxe5 Kg7 26. Qf4 Rfd8 27. Rb1 Qxe5
28. Qxe5+ Rxe5 29. g3 Rxc5 30. Ra1 Rcd5 31. Rxa5 h5 32. Re1 Rd4 33. Raa1 Rd3 34.
Rab1 c5 35. Ra1 Rxb3 36. Re5 c4 37. h4 b4 38. Rc5 c3 39. Rc4 Rb2 40. Rc1 Rdd2
41. g4 hxg4 42. Rxg4 c2 43. Re4 Rd1+ 44. Re1 Rxc1 45. Rxc1 Rb1 46. Rxb1 cxb1=Q+
47. Kg2 Qe4+ 48. f3 Qxh4 49. Kf1 Qh2 50. Ke1 b3 51. Kd1 b2 52. f4 b1=Q# 0-1

[Event "AUTO-BEG-192"]
[Site "http://www.queenalice.com/game.php?id=366286"]
[Date "2008.3.6"]
[Round "1"]
[White "Persist"]
[Black "korobolita"]
[Result "1-0"]
[WhiteElo "1704"]
[BlackElo "1350"]

1. d4 d5 2. c4 e6 3. Nc3 Nf6 4. Bg5 Bb4 5. e3 O-O 6. Nf3 Nc6 7. a3 Ba5 8. b4
Bxb4 9. axb4 Nxb4 10. c5 b6 11. Na4 Bd7 12. Ne5 b5 13. Bxf6 Qxf6 14. Nxd7 Qe7
15. Nxf8 Kxf8 16. Bxb5 a6 17. Be2 e5 18. O-O e4 19. Qb3 a5 20. Nc3 c6 21. Na4
Qg5 22. Nb6 Re8 23. Rxa5 Re6 24. Nd7+ Ke7 25. Ne5 Nd3 26. Ra7+ Kf6 27. Rxf7# 1-0

[Event "AUTO-BEG-192"]
[Site "http://www.queenalice.com/game.php?id=366289"]
[Date "2008.3.6"]
[Round "1"]
[White "korobolita"]
[Black "roberto_falk"]
[Result "1-0"]
[WhiteElo "1274"]
[BlackElo "1275"]

1. e4 e5 2. Nf3 Nc6 3. Bc4 Nh6 4. d3 Bc5 5. Bg5 f6 6. Bh4 g5 7. Qd2 Ng4 8. O-O
gxh4 9. Nxh4 Rf8 10. Qe2 f5 11. Nxf5 h5 12. Ng7+ Ke7 13. Nxh5 Qe8 14. Qxg4 Rg8
15. Bxg8 d6 16. Qg5+ Kd7 17. Nf6+ 1-0

[Event "AUTO-BEG-192"]
[Site "http://www.queenalice.com/game.php?id=366290"]
[Date "2008.3.6"]
[Round "1"]
[White "roberto_falk"]
[Black "korobolita"]
[Result "0-1"]
[WhiteElo "1259"]
[BlackElo "1337"]

1. e4 e5 2. Nf3 Nc6 3. Nc3 Nf6 4. d3 Bc5 5. Be3 d6 6. Be2 Bg4 7. Ng5 O-O 8. h3
Bxe2 9. Qxe2 d5 10. Nxd5 Bxe3 11. Qxe3 Nd4 12. O-O-O c6 13. Nb4 a5 14. Nd5 cxd5
15. exd5 Qxd5 16. c4 Rac8 17. Kb1 Qxg2 18. Rhg1 Qc6 19. Qg3 Ne2 20. Qh4 Nxg1 21.
Rxg1 Rcd8 22. Qg3 e4 23. Nxh7 g6 0-1

[Event "Let's Play Chess!"]
[Site "http://www.queenalice.com/game.php?id=393997"]
[Date "2008.4.27"]
[Round "-"]
[White "korobolita"]
[Black "BobySponja"]
[Result "0-1"]
[WhiteElo "1339"]
[BlackElo "1747"]

1. e4 e5 2. Nf3 Nc6 3. Bc4 Bc5 4. O-O Nf6 5. d3 O-O 6. Bg5 h6 7. Bxh6 gxh6 8.
Nc3 d6 9. a3 Bg4 10. Qd2 Nd4 11. Nh4 Kh7 12. b4 Bb6 13. a4 a6 14. a5 Ba7 15. Bd5
Nxd5 16. Nxd5 Qxh4 17. Nxc7 Bf3 18. Nxa8 Rg8 19. g3 Qh3 20. Qxh6+ Kxh6 21. g4
Ne2# 0-1

[Event "Challenge"]
[Site "http://www.queenalice.com/game.php?id=397411"]
[Date "2008.5.3"]
[Round "-"]
[White "Tlaloc2k"]
[Black "korobolita"]
[Result "1-0"]
[WhiteElo "1636"]
[BlackElo "1410"]

1. e4 e5 2. Bc4 Nc6 3. Qf3 Nf6 4. d3 Bc5 5. c3 O-O 6. Bg5 d6 7. Bxf6 Bg4 8. Qxg4
Qxf6 9. Nf3 g6 10. O-O Qf4 11. Qd7 Rac8 12. Nbd2 Rfd8 13. Qh3 Ra8 14. Qh6 Qxh6
15. h4 Ne7 16. g3 c6 17. Ng5 d5 18. Bb3 dxe4 19. Nxf7 Qxd2 20. Nxd8+ Nd5 21. Ne6
Re8 22. Nxc5 Qxb2 23. c4 Nc3 24. Nxb7 exd3 25. Nd6 Rd8 26. c5+ Kg7 27. Nf7 Rd7
28. Nxe5 Ne2+ 29. Kg2 Rd4 30. Nxc6 Rd7 31. Rab1 Qf6 32. Na5 Rc7 33. Nc4 Rxc5 34.
f4 Nc3 35. Rb2 Na4 36. Rd2 Qc3 37. Rc1 Qxc1 38. Rxd3 Nc3 39. Rd7+ Kf8 40. Rxh7
Kg8 41. Rxa7 Ne2 42. Ne5+ Kf8 43. Nd7+ Ke7 44. Nxc5+ Kf6 45. Ra6+ Ke7 46. Re6+
Kf7 47. Rxe2+ Kg7 48. Ne6+ Kf6 49. g4 Ke7 50. a4 Kd6 51. Nf8 Qxf4 52. Re6+ Kc5
53. Nd7+ Kb4 54. Rb6+ Ka3 55. Nf6 Qe3 56. a5 Qc5 57. Kg3 Qxa5 58. Nd5 1-0

[Event "A revanche"]
[Site "http://www.queenalice.com/game.php?id=413089"]
[Date "2008.6.4"]
[Round "-"]
[White "korobolita"]
[Black "Hugentobler"]
[Result "1-0"]
[WhiteElo "1411"]
[BlackElo "1521"]

1. e4 e5 2. Nf3 d6 3. Bc4 Bd7 4. Nc3 g5 5. d3 g4 6. Ng1 c6 7. Be3 b5 8. Bxf7+
Kxf7 9. Qd2 Qf6 10. O-O-O c5 11. f3 Bh6 12. fxg4 Bxg4 13. Nge2 Ne7 14. Rhf1 Bf5
15. Bxh6 Bg4 16. Rxf6+ Kxf6 17. Qg5+ Kf7 18. Qxg4 Nbc6 19. Nxb5 Ng6 20. Nxd6+
Ke7 21. Nf5+ Kf6 22. Bg7+ 1-0

[Event "Using the Brain III"]
[Site "http://www.queenalice.com/game.php?id=440158"]
[Date "2008.7.28"]
[Round "-"]
[White "korobolita"]
[Black "Viper3910"]
[Result "0-1"]
[WhiteElo "1431"]
[BlackElo "1884"]

1. e4 e5 2. Nf3 Nc6 3. Bc4 Nh6 4. O-O Bc5 5. d3 O-O 6. Bg5 Be7 7. Bh4 Bxh4 8.
Nxh4 Qxh4 9. Nc3 Nd4 10. Nd5 b5 11. Nxc7 Rb8 12. a4 bxc4 13. dxc4 Qxe4 14. Re1
Qf5 15. c3 Nb3 16. Ra3 Na5 17. b3 a6 18. Qd5 Nc6 19. Ra2 Bb7 20. Rae2 Ne7 21.
Qxe5 Qg6 22. g3 Qc6 23. Re4 Ng6 24. Qd5 Qxc7 0-1

[Event "Challenge"]
[Site "http://www.queenalice.com/game.php?id=446266"]
[Date "2008.8.9"]
[Round "-"]
[White "gilberth1"]
[Black "korobolita"]
[Result "1-0"]
[WhiteElo "1875"]
[BlackElo "1429"]

1. d4 d5 2. Nf3 Bg4 3. e3 Nf6 4. Be2 e6 5. Nbd2 Bb4 6. c3 Ba5 7. a4 O-O 8. b4
Bxb4 9. cxb4 Nc6 10. b5 Nb4 11. Qb3 a5 12. O-O b6 13. Ba3 c5 14. dxc5 bxc5 15.
h3 Bxf3 16. Bxf3 c4 17. Qc3 Qc7 18. Rfd1 e5 19. e4 d4 20. Qxc4 Qxc4 21. Nxc4
Rfe8 22. Rab1 Nc2 23. Bd6 1-0

[Event "Golden tower"]
[Site "http://www.queenalice.com/game.php?id=1120159"]
[Date "2012.11.8"]
[Round "-"]
[White "korobolita"]
[Black "TomasBlack"]
[Result "0-1"]
[WhiteElo "1434"]
[BlackElo "1686"]

1. Nc3 d5 2. d4 f5 3. e3 Be6 4. Bb5+ c6 5. Bd3 Nd7 6. Nf3 h6 7. O-O Ngf6 8. b3
Qa5 9. Bb2 O-O-O 10. a3 b5 11. b4 Qa6 12. a4 g5 13. axb5 Qb6 14. bxc6 Qxc6 15.
Rxa7 Qb6 16. Qa1 Nb8 17. Qa5 Nfd7 18. Bb5 Qxa5 19. Rxa5 Nb6 20. Ra7 Bd7 21. Ne5
Rh7 0-1

[Event "Golden Tower"]
[Site "http://www.queenalice.com/game.php?id=1125706"]
[Date "2012.11.24"]
[Round "-"]
[White "korobolita"]
[Black "deimont"]
[Result "1-0"]
[WhiteElo "1428"]
[BlackElo "1357"]

1. d4 d5 2. Nf3 b6 3. e3 Bg4 4. Nc3 a6 5. h3 Bh5 6. g4 Bg6 7. e4 Bxe4 8. Nxe4
dxe4 9. Ne5 Qd5 10. Bc4 Qb7 11. Bxf7+ Kd8 12. Bf4 Nf6 13. Qe2 Nbd7 14. O-O-O g6
15. g5 Bg7 16. d5 Nh5 17. Nc6+ Kc8 18. Nxe7+ Kb8 19. Qxe4 1-0